000 00586nam a22001937a 4500
003 OSt
005 20260502030831.0
008 260502b |||||||| |||| 00| 0 eng d
020 _a0-471-41171-x
040 _aDWCL-Main lib.
_cOC
082 _228th ed.
_aCirc. 657 D373w 2001
100 _aDelaney, Patrick
245 _aWiley CPA examination review 28th edition 2001-2002/
_cPatrick R. Delaney
250 _a28th ed.
260 _bJohn Wiley & Sons Inc.,
_c c2001.
300 _a1284 pages ;
_c 28 cm.
504 _aInclude index.
942 _2ddc
_cBK-CIRC
_e28th ed.
_hCirc.
_n0
999 _c10174
_d10174